• 首页
  • 本馆介绍
  • 公告通知
  • 最新文献
  • 馆藏检索
  • 电子资源
  • 读者导购
  • 参考咨询
  • 我的图书馆
  • 登录
  • 期刊详细显示
  • 现刊情况显示
  • 合订本情况显示
  • 篇目信息显示

期刊信息

  • 表格格式
  • 工作单格式
  • 卡片格式
索取号 
F11/WTOJ
题名 
WTO经济导刊
作者 
WTO经济导刊杂志社
分册号 
分册名 
出版地 
北京
出版者 
WTO经济导刊杂志社
标准刊号 
1672-1160
出版频率 
月刊
中图法分类 
F11
主题词 
经济 世界; 国际经济关系
电子资源 
000 00636nas0 2200229 45
001 0552754062
005 20070506152916.92
010    @d15
011    @a1672-1160@dCNY15.00(2005)
091    @aCN11-4977/F
092    @b82-520
100    @a20051129d km y0chiy0120 ea
101 0  @achi
200 1  @aWTO经济导刊@AWTO Jing Ji Dao Kan@fWTO经济导刊杂志社@FWTO Jing Ji Dao Kan Za Zhi She
210    @a北京@cWTO经济导刊杂志社
326    @a月刊
606 0  @a经济@x世界
606 0  @a国际经济关系
690    @aF11@v4
701  0 @aWTO经济导刊杂志社@AWTO Jing Ji Dao Kan Za Zhi She
801  0 @aCN@bPFT@c20070506
905    @aTJWY@dF11@eWTOJ
    
    WTO经济导刊/WTO经济导刊杂志社.-北京:WTO经济导刊杂志社
    
    
    
    15 ISSN 1672-1160:CNY15.00(2005)
    
●
相关链接: 在易读查询期刊 在中国知网中查询期刊 在万方数据查询期刊 在维普查询期刊
唐山师范学院图书馆 欢迎您!
大连网信软件有限公司© 版权所有